Gray's anatomy for students / (Record no. 99855)

MARC details
000 -LEADER
fixed length control field 00978nam a22002897a 4500
003 - CONTROL NUMBER IDENTIFIER
control field URS
005 - DATE AND TIME OF LATEST TRANSACTION
control field 20260415165552.0
008 - FIXED-LENGTH DATA ELEMENTS--GENERAL INFORMATION
fixed length control field 260405b |||||||| |||| 00| 0 eng d
020 ## - INTERNATIONAL STANDARD BOOK NUMBER
International Standard Book Number 978-0-32393-508-1
040 ## - CATALOGING SOURCE
Language of cataloging English
Description conventions rda
Transcribing agency URS
050 00 - LIBRARY OF CONGRESS CALL NUMBER
Classification number QM23.2
Item number .D7891 2024
100 1# - MAIN ENTRY--PERSONAL NAME
Personal name Drake, Richard L.,
Fuller form of name (Richard Lee),
Dates associated with a name 1950-
Relator term author.
245 10 - TITLE STATEMENT
Title Gray's anatomy for students /
Statement of responsibility, etc. Richard L Drake, Wayne Vogl, Adam W. M. Mitchell.
246 1# - VARYING FORM OF TITLE
Title proper/short title Anatomy for students
250 ## - EDITION STATEMENT
Edition statement Fifith edition.
264 #1 - PRODUCTION, PUBLICATION, DISTRIBUTION, MANUFACTURE, AND COPYRIGHT NOTICE
Place of production, publication, distribution, manufacture Philadelphia, PA :
Name of producer, publisher, distributor, manufacturer Churchill Livingstone/Elsevier,
Date of production, publication, distribution, manufacture, or copyright notice ©2024.
300 ## - PHYSICAL DESCRIPTION
Extent xvi, 1114 pages :
Other physical details ill ustrations (chiefly color) ;
Dimensions 28 cm.
336 ## - CONTENT TYPE
Content type term text
Content type code txt
Source rdacontent
337 ## - MEDIA TYPE
Media type term unmediated
Media type code n
Source rdamedia
338 ## - CARRIER TYPE
Carrier type term volume
Carrier type code nc
Source rdacarrier
650 #0 - SUBJECT ADDED ENTRY--TOPICAL TERM
Topical term or geographic name entry element Human anatomy.
650 #0 - SUBJECT ADDED ENTRY--TOPICAL TERM
Topical term or geographic name entry element Pathology.
700 1# - ADDED ENTRY--PERSONAL NAME
Personal name Vogl, Wayne,
Relator term author.
700 1# - ADDED ENTRY--PERSONAL NAME
Personal name Mitchell, Adam W. M.,
Relator term author.
700 1# - ADDED ENTRY--PERSONAL NAME
Personal name Gray, Henry,
Dates associated with a name 1825-1861.
Title of a work Anatomy.
942 ## - ADDED ENTRY ELEMENTS (KOHA)
Source of classification or shelving scheme Library of Congress Classification
Koha item type Reserved Books

No items available.

University of Rizal System
Email us at univlibservices@urs.edu.ph

Visit our Website www.urs.edu.ph/library